| 000 | 00937nam0a22002771 4500 | ||
|---|---|---|---|
| 001 | rc\2279907 | ||
| 005 | 20260406072431.0 | ||
| 035 | _a(NLR Aleph) 006559347 | ||
| 090 |
_a6826542 _c6826542 |
||
| 100 | _a20110829d1977 |||y0rusy50 ca | ||
| 101 | 0 | _arus | |
| 102 | _aRU | ||
| 105 | _ay z ||||| | ||
| 200 | 1 |
_aКвалификация преступлений против жизни _fС.В. Бородин |
|
| 210 |
_aМосква _cЮрид. лит. _d1977 |
||
| 215 |
_a239 с. _d20 |
||
| 606 |
_aПреступления против жизни и здоровья _2psbo |
||
| 686 |
_aХ628.111.3 _2rubbk |
||
| 700 | 1 |
_8rus _7ca _aБородин _bС. В. _f1924-2005 _gСтанислав Владимирович _3RU\NLR\AUTH\7730017 _913044 |
|
| 801 | 0 |
_aRU _bNLR _gpsbo |
|
| 801 | 1 |
_aRU _bELAR _2rusmarc |
|
| 852 |
_aNLR _j77-3/6102 |
||
| 899 |
_aRuMoRGB _jБ 77-3/177 |
||
| 899 |
_aRuMoRGB _jБ 77-3/178 |
||
| 942 | _cBOOK | ||
| 980 | _aNB | ||